| 000 -ლიდერი |
| ფიქსირებული სიგრძის საკონტროლო ველი |
01354nam a2200253Ia 4500 |
| 001 - საკონტროლო ნომერი |
| საკონტროლო ველი |
3494 |
| 003 - საკონტროლო ნომრის იდენტიფიკატორი |
| საკონტროლო ველი |
GE_BSU |
| 005 - ბოლო ოპერაციის თარიღი და დრო |
| საკონტროლო ველი |
20190620192918.0 |
| 008 - ფიქსირებული სიგრძის მონაცემთა ელემენტები - ზოგადი ინფორმაცია |
| ფიქსირებული სიგრძის საკონტროლო ველი |
181216s2009||||ge |||||||||||||| ||geo|| |
| 040 ## - კატალოგიზაციის წყარო |
| Transcribing agency |
GE_BSU |
| 041 ## - ენის კოდი |
| Language code of text/sound track or separate title |
geo |
| 080 ## - უნივერსალური ათობითი კლასიფიკაციის ინდექსი |
| Universal Decimal Classification number |
37.14 ე–81 |
| 245 ## - ცნობა სათაურის შესახებ |
| Title |
ეროვნული სასწავლო გეგმა : |
| Remainder of title |
ზოგადსაგანმ. სკოლებისთვის, 2009-2010 სასწ. წელი / |
| Statement of responsibility, etc |
ეროვნ. სასწ. გეგმებისა და შეფასების ცენტრი ; გამოცემაზე მუშაობდნენ: ნიკა გვარამია და სხვ. |
| 264 ## - წარმოების, გამოცემის, დისტრიბუციის და სხვა ცნობები |
| გამოცემის, წარმოების, დისტრიბუციის... ადგილი |
თბილისი, |
| გამოცემის, წარმოების, დისტრიბუციის... თარიღი |
2009 |
| 300 ## - ფიზიკური აღწერა |
| Extent |
728 გვ.; |
| Other physical details |
29 სმ. |
| 653 ## - INDEX TERM--UNCONTROLLED |
| Uncontrolled term |
ეროვნული სასწავლო გეგმები |
| 653 ## - INDEX TERM--UNCONTROLLED |
| Uncontrolled term |
სასწავლო პროგრამები |
| 700 ## - ADDED ENTRY--PERSONAL NAME |
| Personal name |
გვარამია, ნიკა |
| 9 (RLIN) |
2689 |
| 700 ## - ADDED ENTRY--PERSONAL NAME |
| Personal name |
ნოდია, გიორგი |
| 9 (RLIN) |
2690 |
| 700 ## - ADDED ENTRY--PERSONAL NAME |
| Personal name |
ლომაია, ალექსანდრე |
| 9 (RLIN) |
2691 |
| 700 ## - ADDED ENTRY--PERSONAL NAME |
| Personal name |
წიფურია, ბელა და სხვ. |
| 9 (RLIN) |
2692 |
| 710 ## - ADDED ENTRY--CORPORATE NAME |
| Corporate name or jurisdiction name as entry element |
ეროვნ. სასწ. გეგმებისა და შეფასების ცენტრი |
| 9 (RLIN) |
2693 |
| 942 ## - ADDED ENTRY ELEMENTS (KOHA) |
| Koha item type |
წიგნი |
| Source of classification or shelving scheme |
|